Clinical guidelines for advanced practice nursing : (Record no. 20133)

MARC details
000 -LEADER
fixed length control field 01515cam a22003615a 4500
001 - CONTROL NUMBER
control field 16776345
005 - DATE AND TIME OF LATEST TRANSACTION
control field 20150812160303.0
008 - FIXED-LENGTH DATA ELEMENTS--GENERAL INFORMATION
fixed length control field 110510t2013 mdua frb 001 0 eng d
020 ## - INTERNATIONAL STANDARD BOOK NUMBER
International Standard Book Number 0763774146
020 ## - INTERNATIONAL STANDARD BOOK NUMBER
International Standard Book Number 9780763774141
040 ## - CATALOGING SOURCE
Original cataloging agency DNLM/DLC
Transcribing agency DLC
Modifying agency EG-ScBUE
Language of cataloging eng
082 04 - DEWEY DECIMAL CLASSIFICATION NUMBER
Classification number 610.73
Item number CLI
Edition number 22
245 00 - TITLE STATEMENT
Title Clinical guidelines for advanced practice nursing :
Remainder of title an interdisciplinary approach /
Statement of responsibility, etc edited by Geraldine M. Collins-Bride, JoAnne M. Saxe.
250 ## - EDITION STATEMENT
Edition statement 2nd ed.
260 ## - PUBLICATION, DISTRIBUTION, ETC. (IMPRINT)
Place of publication, distribution, etc Burlington :
Name of publisher, distributor, etc Jones & Bartlett Learning,
Date of publication, distribution, etc c.2013.
300 ## - PHYSICAL DESCRIPTION
Extent xxiii, 647 p. :
Other physical details ill. ;
Dimensions 28 cm.
500 ## - GENERAL NOTE
General note Rev. ed. of: Nurse practitioner/physician collaborative practice / edited by Geraldine M. Collins-Bride and JoAnne M. Saxe. San Francisco, Calif. : School of Nursing, University of California, UCSF Nursing Press, c1998.
500 ## - GENERAL NOTE
General note "In cooperation with UCSF School of Nursing"--Cover.
500 ## - GENERAL NOTE
General note Index : p. 629-647.
504 ## - BIBLIOGRAPHY, ETC. NOTE
Bibliography, etc Includes bibliographical references.
650 #0 - SUBJECT ADDED ENTRY--TOPICAL TERM
Topical term or geographic name as entry element Nurse practitioners.
Source of heading or term BUEsh
650 #0 - SUBJECT ADDED ENTRY--TOPICAL TERM
Topical term or geographic name as entry element Primary care (Medicine).
Source of heading or term BUEsh
650 #0 - SUBJECT ADDED ENTRY--TOPICAL TERM
Topical term or geographic name as entry element Nursing.
Source of heading or term BUEsh
650 12 - SUBJECT ADDED ENTRY--TOPICAL TERM
Topical term or geographic name as entry element Advanced Practice Nursing
Form subdivision Guideline.
Source of heading or term BUEsh
650 22 - SUBJECT ADDED ENTRY--TOPICAL TERM
Topical term or geographic name as entry element Clinical Protocols
General subdivision standards
Form subdivision Guideline.
Source of heading or term BUEsh
650 22 - SUBJECT ADDED ENTRY--TOPICAL TERM
Topical term or geographic name as entry element Nursing Care
General subdivision methods
Form subdivision Guideline.
Source of heading or term BUEsh
651 ## - SUBJECT ADDED ENTRY--GEOGRAPHIC NAME
Source of heading or term BUEsh
653 ## - INDEX TERM--UNCONTROLLED
Resource For college Nursing
Arrived date list July2015
-- August2015
655 ## - INDEX TERM--GENRE/FORM
Form subdivision
-- 34232
700 1# - ADDED ENTRY--PERSONAL NAME
Personal name Collins-Bride, Geraldine M.,
Relator term editor.
700 1# - ADDED ENTRY--PERSONAL NAME
Personal name Saxe, JoAnne M.
Relator term editor.
942 ## - ADDED ENTRY ELEMENTS (KOHA)
Source of classification or shelving scheme Dewey Decimal Classification
Call number prefix 610.73 CLI
Holdings
Withdrawn status Lost status Source of classification or shelving scheme Damaged status Not for loan Koha collection Home library Current library Shelving location Date acquired Source of acquisition Cost, normal purchase price Serial Enumeration / chronology Total Checkouts Full call number Barcode Date last seen Date last borrowed Cost, replacement price Koha item type
    Dewey Decimal Classification     Alahram Central Library Central Library First floor 02/07/2015   456.00 323 1 610.73 CLI 000038802 15/07/2025 07/03/2016 570.00 Book - Borrowing